000
00338 a2200109 4500
001
ART_25988
005
20260410161727.0
008
260409a
245
1
0
_a
Optimización de la relación producto mercado
100
1
_a
Levy, Alberto R.
773
0
_t
Administración de empresas
_g
- Año 6, Nº 70 (ene. 1976)
_w
REV2036
999
_c
17525
_d
17525